[Event "63rd ch-RUS"]
[Site "Moscow RUS"]
[Date "2010.12.21"]
[Round "10"]
[White "Vitiugov, N."]
[Black "Zvjaginsev, V."]
[Result "1-0"]
[WhiteElo "2709"]
[BlackElo "2676"]
[PlyCount "81"]
[EventDate "2010.12.11"]

1. d4 e6 2. c4 Nf6 3. Nc3 Bb4 4. Qc2 c5 5. dxc5 O-O 6. a3 Bxc5 7. Nf3 Nc6 8.
Bf4 Nh5 9. Bg5 Be7 10. h4 f5 11. O-O-O h6 12. Bxe7 Qxe7 13. e4 g6 14. exf5 gxf5
15. Rg1 Nf6 16. g4 fxg4 17. Nh2 h5 18. f3 Ne5 19. fxg4 hxg4 20. Ne4 Qg7 21. Be2
d5 22. Nxf6+ Rxf6 23. Nxg4 Rg6 24. h5 Rxg4 25. Bxg4 Nxg4 26. Qg2 e5 27. Qxd5+
Kh8 28. Qd8+ Kh7 29. Qd3+ Kh8 30. Qd8+ Kh7 31. Rd6 Bf5 32. Qxa8 Qc7 33. Rxg4
Bxg4 34. Qd8 Qxc4+ 35. Kd2 Qe2+ 36. Kc3 Qe3+ 37. Kb4 Qf4+ 38. Ka5 b6+ 39. Ka6
Qf7 40. b4 Be2+ 41. b5 1-0